Statistics for Leaders of the World in 1914 By Picture

Click here to take the quiz!

General Stats

  • This quiz has been taken 23 times
  • The average score is 5 of 16

Answer Stats

Answer% Correct
Hirohito
95%
Woodrow WIlson
89%
Nicholas II
79%
Wilhelm II
74%
Franz Josef I
58%
H. H. Asquith
32%
Mehmed V
26%
Raymond Poincaré
26%
Alfonso XIII
21%
Duan Qirui
5%
Robert Borden
5%
Victoriano Huerta
5%
Vittorio Orlando
5%
Ahmad Shah Qajar
0%
Hermes da Fonseca
0%
Joseph Cook
0%

Score Distribution

Percentile by Number Answered

Percent of People with Each Score

Your Score History

You have not taken this quiz